Biểu hiện đơn giản của lòng yêu thương

में बचाया:
ग्रंथसूची विवरण
स्वरूप: पुस्तक
भाषा:Vietnamese
प्रकाशित: TP. Hồ Chí Minh Tạp chí kiến thức ngày nay; Trẻ 2004
संस्करण:Tái bản lần thứ hai
विषय:
टैग : टैग जोड़ें
कोई टैग नहीं, इस रिकॉर्ड को टैग करने वाले पहले व्यक्ति बनें!
Thư viện lưu trữ: Trung tâm Học liệu Lê Vũ Hùng, Trường Đại học Đồng Tháp
LEADER 00911pam a22003258a 4500
001 00035863
005 20171026081025.0
008 170104s2004 ||||||viesd
020 # # |c 15500 
041 0 # |a vie 
082 1 4 |a 158.2  |b B309H 
245 1 0 |a Biểu hiện đơn giản của lòng yêu thương  |c Nhiều tác giả 
250 # # |a Tái bản lần thứ hai 
260 # # |a TP. Hồ Chí Minh  |b Tạp chí kiến thức ngày nay; Trẻ  |c 2004 
300 # # |a 137 tr.  |c 21 cm. 
653 # # |a Con người 
653 # # |a Kĩ năng sống 
653 # # |a Tâm lí học 
653 # # |a Yêu thương 
852 # # |b Kho đọc  |j KD.0019359 
852 # # |j KD.0019359 
910 |d 04/01/2017 
980 # # |a Trung tâm Học liệu Lê Vũ Hùng, Trường Đại học Đồng Tháp